000
00337nam a2200145Ia 4500
003
OSt
005
20240209102717.0
008
170524s9999 xx 000 0 und d
020
_a
8180548414
040
_c
IIMT UNIVERSITY
100
_a
PRASAD- LM
245
0
_a
ORAGANIZATION BEHAVIOUR
260
_b
GALGOTIA PUB. HOUSE
942
_2
ddc
_c
02
999
_c
8042
_d
8042